| 000 | 00000nam##2200000za#4500 |
| 001 | 9.692625 |
| 003 | CaOODSP |
| 005 | 20210624233311 |
| 007 | cr ||||||||||| |
| 008 | 150407|2006||||xxc|||||o f|0| 0 eng|d |
| 040 | |aCaOODSP|beng |
| 043 | |an-cn--- |
| 086 | 1 |aSG5-44/2006E-PDF |
| 110 | 1 |aCanada. |bService Canada. |
| 245 | 10|aOld age security - benefits for low-income seniors |h[electronic resource] |
| 260 | |aOttawa - Ontario : |bService Canada |cc2006. |
| 300 | |a36p. |
| 500 | |aIncorrect catalogue number (SD18-8/2006E) and ISBN (0-662-42540-5) printed in this publication. |
| 590 | |a10-10-Supp|b2010-11-09 |
| 690 | 07|aPensions|2gcpds |
| 775 | 08|tSécurité de la vieillesse - prestations destinées aux aînés à faible revenu |w(CaOODSP)9.636892 |
| 856 | 40|ahttp://publications.gc.ca|qPDF|s327 KB|uhttps://publications.gc.ca/collections/collection_2009/servicecanada/SG5-44-2006E.pdf |
| 986 | |aISPB-341-03-06E |